Movies Quiz

Random Movies or Decade Quiz

Five Decade Actors Quiz Stats

 Plays Quiz Updated Jan 16, 2019

     
Support Sporcle.
Go Orange.
Score 0/40 Timer 12:00
1 Play Today
Year and Movie Actor % Correct
Me, Natalie (1969), The Godfather (1972), Scarface (1983), Donnie Brasco (1997), Ocean's Thirteen (2007)Al Pacino
79.6%
Butch Cassidy and the Sundance Kid (1969), The Sting (1973), The Natural (1984), The Horse Whisperer (1998), Lions for Lambs (2007)Robert Redford
75.1%
The Graduate (1967), Kramer vs. Kramer (1979), Tootsie (1982), Hook (1991), Finding Neverland (2004)Dustin Hoffman
74.3%
Cat on a Hot Tin Roof (1958), The Hustler (1961), The Towering Inferno (1974), The Color of Money (1986), The Hudsucker Proxy (1994), Road to Perdition (2002)Paul Newman
73.5%
A Time for Killing (1967), Star Wars (1977), Blade Runner (1982), The Fugitive (1993), What Lies Beneath (2000)Harrison Ford
72.5%
Ben-Hur (1959), Planet of the Apes (1968), Soylent Green (1973), The Mountain Men (1980), True Lies (1994), The Order (2001)Charlton Heston
70.9%
Funny Girl (1968), A Star Is Born (1976), Yentl (1983), The Prince of Tides (1991), Meet the Fockers (2004)Barbra Streisand
67.1%
Darby O'Gill and the Little People (1959), Dr. No (1962), Murder on the Orient Express (1974), Time Bandits (1981), First Knight (1995), Finding Forrester (2000)Sean Connery
64.2%
Thoroughly Modern Millie (1967), Darling Lili (1970), Victor Victoria (1982), Cin cin (1991), The Princess Diaries (2001)Julie Andrews
63.9%
Destry Rides Again (1939), The Philadelphia Story (1940), Harvey (1950), The Man Who Shot Liberty Valance (1962), The Cheyenne Social Club (1970)James Stewart
63.4%
The Way West (1967), Norma Rae (1979), Places in the Heart (1984), Forrest Gump (1994), Where the Heart Is (2000)Sally Field
62.9%
Hail Hero! (1969), The China Syndrome (1979), Fatal Attraction (1987), Basic Instinct (1992), Ghosts of Girlfriends Past (2009)Michael Douglas
62.4%
Westward Ho (1935), Tall in the Saddle (1944), Hondo (1953), The Alamo (1960), Chisum (1970)John Wayne
61.7%
Bringing Up Baby (1938), Adam's Rib (1949), The African Queen (1951), The Lion in Winter (1968), Rooster Cogburn (1975), On Golden Pond (1981), Love Affair (1994)Katharine Hepburn
61.5%
Anchors Aweigh (1945), Pal Joey (1957), Ocean's Eleven (1960), Dirty Dingus Magee (1970), The First Deadly Sin (1980)Frank Sinatra
57.4%
Spellbound (1945), Roman Holiday (1953), To Kill a Mockingbird (1962), The Omen (1976), The Sea Wolves (1980), Cape Fear (1991)Gregory Peck
57%
Kid Galahad (1937), The Little Foxes (1941), All About Eve (1950), What Ever Happened to Baby Jane? (1962), Bunny O'Hare (1971), The Watcher in the Woods (1980)Bette Davis
52.3%
Hello Down There (1969), Jaws (1975), Down and Out in Beverly Hills (1986), Mr. Holland's Opus (1995), W. (2008)Richard Dreyfuss
50.8%
Anchors Aweigh (1945), Brigadoon (1954), What a Way to Go! (1964), 40 Carats (1973), Xanadu (1980)Gene Kelly
48.6%
Murder in the Family (1938), The Valley of Decision (1945), The Desert Fox (1951), The Birds (1963), Butley (1974), Driving Miss Daisy (1989), Fried Green Tomatoes (1991)Jessica Tandy
47.8%
Year and Movie Actor % Correct
The Computer Wore Tennis Shoes (1969), The Strongest Man in the World (1975), Big Trouble in Little China (1986), Tombstone (1993), Vanilla Sky (2001)Kurt Russell
46.6%
The Kentuckian (1955), Hello, Dolly! (1969), The Sunshine Boys (1975), Little Miss Marker (1980), Grumpy Old Men (1993), Hanging Up (2000)Walter Matthau
45.2%
Intermezzo (1936), Casablanca (1942), Anastasia (1956), Goodbye Again (1961), Murder on the Orient Express (1974)Ingrid Bergman
44.9%
The Picture of Dorian Gray (1945), The Court Jester (1955), The Manchurian Candidate (1962), Bedknobs and Broomsticks (1971), The Mirror Crack'd (1980), Beauty and the Beast (1991)Angela Lansbury
44.1%
My Friend Irma (1949), Living It Up (1954), The Nutty Professor (1963), Which Way to the Front? (1970), The King of Comedy (1982), Funny Bones (1995)Jerry Lewis
43%
Artists and Models (1955), Sweet Charity (1969), Two Mules for Sister Sara (1970), Steel Magnolias (1989), Postcards from the Edge (1990), Bewitched (2005)Shirley MacLaine
40.6%
Tower of London (1939), The Long Night (1947), House of Wax (1953), The Comedy of Terrors (1963), Madhouse (1974), House of the Long Shadows (1983), Edward Scissorhands (1990)Vincent Price
38.7%
Sorry, Wrong Number (1948), From Here to Eternity (1953), Elmer Gantry (1960), The Island of Dr. Moreau (1977), Field of Dreams (1989)Burt Lancaster
38.3%
A Damsel in Distress (1937), Easter Parade (1948), Funny Face (1957), Finian's Rainbow (1968), The Towering Inferno (1974), Ghost Story (1981)Fred Astaire
36.8%
Rose-Marie (1928), The Bride Wore Red (1937), Mildred Pierce (1945), Autumn Leaves (1956), What Ever Happened to Baby Jane? (1962), Trog (1970)Joan Crawford
35.2%
Darby's Rangers (1958), The Great Escape (1963), Support Your Local Gunfighter (1971), Victor Victoria (1982), Twilight (1998), Divine Secrets of the Ya-Ya Sisterhood (2002)James Garner
34.4%
Boys Town (1938), Babes on Broadway (1941), All Ashore (1953), It's a Mad Mad Mad Mad World (1963), Pete's Dragon (1977), The White Stallion (1986), Night at the Museum (2006)Mickey Rooney
34.4%
Some Like It Hot (1939), The Paleface (1948), Road to Bali (1952), How to Commit Marriage (1969), The Muppet Movie (1979)Bob Hope
32.4%
My Friend Irma (1949), Rio Bravo (1959), The Silencers (1966), Airport (1970), Cannonball Run (1981)Dean Martin
31.8%
Lady Gangster (1942), The Desert Hawk (1950), Don't Drink the Water (1969), Smokey and the Bandit (1977), The Toy (1982)Jackie Gleason
28.4%
Chatterbox (1936), Sorrowful Jones (1949), The Long, Long Trailer (1953), Yours, Mine and Ours (1968), Mame (1974)Lucille Ball
27.8%
Omar the Tentmaker (1922), The Mummy (1932), House of Frankenstein (1944), Abbott & Costello Meet Dr. Jekyll & Mr. Hyde (1953), The Raven (1963), The Incredible Invasion (1971)Boris Karloff
24.4%
The Bloody Brood (1959), Robin and the 7 Hoods (1964), Murder by Death (1976), The Princess Bride (1987), Roommates (1995), Corky Romano (2001)Peter Falk
22.7%
Beau Geste (1939), When Johnny Comes Marching Home (1942), Singin' in the Rain (1952), That Funny Feeling (1965), A Time to Remember (1987), Out to Sea (1997)Donald O'Connor
16.9%
The Glass Bottom Boat (1966), Blazing Saddles (1974), Best Little Whorehouse in Texas (1982), Robin Hood: Men in Tights (1993), Breaking the Fifth (2004)Dom DeLuise
12%

From the Vault

Largest Cities on Central America Map

by jacana

Small countries, large cities - this quiz a perfect test for you.
Remove Ads.
Support Sporcle.
Get the best of Sporcle when you Go Orange. This ad-free experience offers more features, more stats, and more fun while also helping to support Sporcle. Thank you for becoming a member.

Show Comments

Extras

Top Quizzes Today


Score Distribution

Your Account Isn't Verified!

In order to create a playlist on Sporcle, you need to verify the email address you used during registration. Go to your Sporcle Settings to finish the process.

Report this User

Report this user for behavior that violates our Community Guidelines.

Details: